[Event "BRA-ch 90th"]
[Site "Natal"]
[Date "2024.12.20"]
[Round "10"]
[White "Pinto, Pedro Jorge de Mora"]
[Black "Moreira da Silva, Jairo"]
[Result "1-0"]
[WhiteElo "1936"]
[BlackElo "1814"]
[PlyCount "55"]
[EventDate "2024.12.13"]
[EventType "swiss"]
[EventRounds "11"]
[EventCountry "BRA"]
[SourceTitle "CB52_2024"]
[SourceDate "2024.12.25"]
[SourceVersion "1"]
[SourceVersionDate "2024.12.25"]
[SourceQuality "1"]

1. Nf3 h5 2. c4 h4 3. Nc3 g6 4. d4 Bg7 5. Bg5 h3 6. gxh3 c5 7. Qd2 cxd4 8. Nxd4 Nc6 9. Nxc6 bxc6 10. Bg2 Qa5 11. 0-0 Ba6 12. Rfd1 Rd8 13. Rac1 Rh5 14. h4 f6 15. b4 Qxb4 16. Qd3 Kf7 17. Be4 Rxg5+ 18. hxg5 f5 19. Bxf5 gxf5 20. Qxf5+ Ke8 21. Qg6+ Kf8 22. Rd3 Bxc4 23. Rf3+ Nf6 24. gxf6 exf6 25. Rg3 Qe7 26. Ne4 d5 27. Nc5 Rd6 28. Rb1 1-0

[Event "BRA-ch 90th"]
[Site "Natal"]
[Date "2024.12.18"]
[Round "8"]
[White "Pinto, Pedro Jorge de Mora"]
[Black "Macedo, Jose Augusto Xavier"]
[Result "1-0"]
[WhiteElo "1936"]
[BlackElo "1800"]
[PlyCount "45"]
[EventDate "2024.12.13"]
[EventType "swiss"]
[EventRounds "11"]
[EventCountry "BRA"]
[SourceTitle "CB52_2024"]
[SourceDate "2024.12.25"]
[SourceVersion "1"]
[SourceVersionDate "2024.12.25"]
[SourceQuality "1"]

1. Nf3 Nf6 2. c4 c6 3. Nc3 g6 4. e4 Bg7 5. e5 Ng4 6. d4 Qc7 7. h3 Nxe5 8. dxe5 Bxe5 9. Nxe5 Qxe5+ 10. Be2 b6 11. 0-0 Ba6 12. Re1 Qc7 13. Bh6 Bb7 14. Bf3 Rg8 15. Qe2 e6 16. Ne4 Qe5 17. Qd2 f5 18. Nd6+ Qxd6 19. Qxd6 Kf7 20. Rad1 Rd8 21. Rxe6 dxe6 22. Qxd8 Na6 23. Rd7# 1-0

[Event "Boa Vista Regional Norte-ch"]
[Site "Boa Vista"]
[Date "2024.05.31"]
[Round "3"]
[White "Pinto, Pedro Jorge de Mora"]
[Black "Cheres, Beatriz Fernanda Sa"]
[Result "1-0"]
[WhiteElo "1941"]
[BlackElo "1601"]
[PlyCount "63"]
[EventDate "2024.05.30"]
[EventType "swiss"]
[EventRounds "6"]
[EventCountry "BRA"]
[SourceTitle "CBM 220 Extra"]
[Source "ChessBase"]
[SourceDate "2024.07.31"]
[SourceVersion "1"]
[SourceVersionDate "2024.07.31"]
[SourceQuality "1"]

1. c4 e5 2. Nc3 Bc5 3. e3 Nc6 4. Ne4 b6 5. a3 a5 6. Nf3 Nf6 7. Ng3 Qe7 8. Nf5 Qf8 9. d4 exd4 10. exd4 Bd6 11. Bd3 Ne7 12. Qe2 Kd8 13. Nxd6 cxd6 14. d5 h6 15. Be3 Rb8 16. 0-0 Ng4 17. Bd4 Ng6 18. b4 Qe7 19. Qd2 N4e5 20. bxa5 Nxf3+ 21. gxf3 Qh4 22. Bxg6 fxg6 23. Bxb6+ Ke7 24. Rfe1+ Kf7 25. Re4 Qh5 26. Rae1 Rf8 27. Qf4+ Kg8 28. Re8 Rxe8 29. Rxe8+ Kh7 30. h4 g5 31. Qe4+ Qg6 32. Rh8+ 1-0

[Event "Boa Vista Regional Norte-ch"]
[Site "Boa Vista"]
[Date "2024.05.30"]
[Round "1"]
[White "Pinto, Pedro Jorge de Mora"]
[Black "Santana, Davi de Sousa"]
[Result "1-0"]
[WhiteElo "1941"]
[BlackElo "1800"]
[PlyCount "37"]
[EventDate "2024.05.30"]
[EventType "swiss"]
[EventRounds "6"]
[EventCountry "BRA"]
[SourceTitle "CBM 220 Extra"]
[Source "ChessBase"]
[SourceDate "2024.07.31"]
[SourceVersion "1"]
[SourceVersionDate "2024.07.31"]
[SourceQuality "1"]

1. Nf3 d5 2. c4 Nf6 3. cxd5 Nxd5 4. e4 Nb4 5. d4 Bg4 6. Qa4+ N8c6 7. d5 Bxf3 8. gxf3 Qd7 9. dxc6 Nxc6 10. Bb5 e5 11. Nc3 Bc5 12. Bxc6 bxc6 13. Be3 Bd4 14. 0-0-0 c5 15. Qxd7+ Kxd7 16. f4 f6 17. Rhg1 Ke8 18. fxe5 Bxe5 19. f4 1-0

[Event "Manaus op 2nd"]
[Site "Manaus"]
[Date "2023.10.14"]
[Round "6"]
[White "Pinto, Pedro Jorge de Mora"]
[Black "Caceres, Diego"]
[Result "0-1"]
[WhiteElo "1913"]
[BlackElo "2093"]
[PlyCount "108"]
[EventDate "2023.10.11"]
[EventType "swiss"]
[EventRounds "9"]
[EventCountry "BRA"]
[SourceTitle "CBM 216 Extra"]
[Source "ChessBase"]
[SourceDate "2023.11.30"]
[SourceVersion "1"]
[SourceVersionDate "2023.11.30"]
[SourceQuality "1"]

1. Nf3 Nf6 2. c4 g6 3. Nc3 Bg7 4. e4 d6 5. d4 0-0 6. Be2 Nbd7 7. h3 e5 8. dxe5 dxe5 9. Be3 c6 10. Qd2 Qe7 11. 0-0 Nc5 12. Bg5 Qc7 13. Qe3 Ne6 14. Bh6 Nf4 15. Bxg7 Kxg7 16. Rfd1 Re8 17. Rd2 h6 18. Rad1 Qe7 19. a3 Bxh3 20. Nxe5 Qxe5 21. gxh3 Qg5+ 22. Qg3 Qxg3+ 23. fxg3 Nxh3+ 24. Kg2 Ng5 25. Bf3 Ngxe4 26. Nxe4 Nxe4 27. Rd4 Nf6 28. c5 Re7 29. R1d3 Rc8 30. Kf2 Rcc7 31. Bg2 Rcd7 32. Rxd7 Rxd7 33. Rb3 Ng4+ 34. Ke2 f5 35. Rb4 Kf6 36. Ra4 a6 37. Bxc6 bxc6 38. Rxa6 Rc7 39. b4 Ke5 40. Kd3 Kd5 41. Ra8 Ne5+ 42. Kc3 g5 43. a4 f4 44. gxf4 gxf4 45. Rf8 f3 46. a5 Ke4 47. Rf6 Ke3 48. a6 Ra7 49. b5 cxb5 50. Kb4 f2 51. Kxb5 Nf3 52. Kb6 Rxa6+ 53. Kxa6 f1Q+ 54. Kb7 Qb5+ 0-1

[Event "Manaus Expert op"]
[Site "Manaus"]
[Date "2023.09.23"]
[Round "3"]
[White "Pinto, Pedro Jorge de Mora"]
[Black "Mesquita, Eduardo Barbosa"]
[Result "0-1"]
[WhiteElo "1940"]
[BlackElo "2008"]
[PlyCount "48"]
[EventDate "2023.09.22"]
[EventType "swiss"]
[EventRounds "5"]
[EventCountry "BRA"]
[SourceTitle "CBM 216 Extra"]
[Source "ChessBase"]
[SourceDate "2023.11.30"]
[SourceVersion "1"]
[SourceVersionDate "2023.11.30"]
[SourceQuality "1"]

1. c4 e6 2. b3 d5 3. Bb2 Nf6 4. e3 b6 5. g4 Bb7 6. Bg2 h6 7. h4 Nbd7 8. a3 Rb8 9. d3 Bd6 10. Nd2 Nc5 11. Ndf3 Nxg4 12. b4 Nd7 13. cxd5 Bxd5 14. e4 Bb7 15. Qa4 0-0 16. Ne2 c5 17. Rd1 Qe7 18. b5 f5 19. e5 Ndxe5 20. Bxe5 Bxe5 21. Qxa7 Ra8 22. Qxb6 Bc7 23. Qxb7 Ba5+ 24. Kf1 Qxb7 0-1

[Event "Manaus Amazonas Cup"]
[Site "Manaus"]
[Date "2022.12.10"]
[Round "6"]
[White "Pinto, Pedro Jorge de Mora"]
[Black "Barbosa, Celio Oliveira"]
[Result "1-0"]
[WhiteElo "1948"]
[BlackElo "1931"]
[PlyCount "53"]
[EventDate "2022.12.03"]
[EventType "swiss"]
[EventRounds "7"]
[EventCountry "BRA"]
[SourceTitle "EXT 2024"]
[Source "ChessBase"]
[SourceDate "2023.10.10"]
[SourceVersion "1"]
[SourceVersionDate "2023.10.10"]
[SourceQuality "1"]

1. b3 Nf6 2. Bb2 g6 3. g4 Bg7 4. g5 Nh5 5. Bxg7 Nxg7 6. d4 d5 7. Qd2 c6 8. h4 Bf5 9. Nc3 Nd7 10. Bh3 e5 11. 0-0-0 Qe7 12. Bxf5 Nxf5 13. dxe5 Nxe5 14. e4 Qa3+ 15. Kb1 Nd6 16. exd5 0-0-0 17. Qc1 Qb4 18. Nge2 Ne4 19. Qe3 Nxc3+ 20. Qxc3 Qe4 21. Ng3 Qf4 22. Rd4 Qf3 23. Qxf3 Nxf3 24. Rf4 Ne5 25. dxc6 bxc6 26. Re1 Rhe8 27. Rfe4 1-0

[Event "Manaus Amazonas Cup"]
[Site "Manaus"]
[Date "2022.12.03"]
[Round "1"]
[White "Da Silva, Vitoria Aparecida V"]
[Black "Pinto, Pedro Jorge de Mora"]
[Result "0-1"]
[WhiteElo "1520"]
[BlackElo "1948"]
[PlyCount "122"]
[EventDate "2022.12.03"]
[EventType "swiss"]
[EventRounds "7"]
[EventCountry "BRA"]
[SourceTitle "EXT 2024"]
[Source "ChessBase"]
[SourceDate "2023.10.10"]
[SourceVersion "1"]
[SourceVersionDate "2023.10.10"]
[SourceQuality "1"]

1. c4 c5 2. g3 Nc6 3. Bg2 g6 4. Nf3 Bg7 5. Nc3 e6 6. 0-0 Nge7 7. d3 d5 8. cxd5 exd5 9. Bf4 0-0 10. Nb5 Bg4 11. Rc1 b6 12. Qd2 a6 13. Nc3 Re8 14. h3 Bc8 15. g4 f5 16. Nh2 b5 17. Bg5 Qd6 18. e4 dxe4 19. dxe4 Qxd2 20. Bxd2 fxg4 21. Nxg4 Bxg4 22. hxg4 Ne5 23. g5 Nc4 24. Bf4 Nxb2 25. e5 Rad8 26. Bh2 Nd3 27. Ne4 Nxc1 28. Rxc1 c4 29. Nd6 Rf8 30. Bb7 Nf5 31. Bd5+ Kh8 32. Nf7+ Rxf7 33. Bxf7 Nd4 34. Kg2 Nc6 35. e6 Bf8 36. a4 Be7 37. Bf4 Kg7 38. axb5 axb5 39. Bc7 Rc8 40. Bf4 Kf8 41. Kg3 Nd8 42. Rh1 h5 43. gxh6 Nxf7 44. exf7 Kxf7 45. h7 Bf6 46. Rd1 g5 47. Bc1 b4 48. Rd7+ Kg6 49. Kg4 c3 50. Rb7 Rc4+ 51. Kf3 Rh4 52. Kg2 Bg7 53. Rb6+ Kxh7 54. Rb5 Bf6 55. f3 Kg6 56. Be3 Rc4 57. Kf2 Bd4 58. Bxd4 Rxd4 59. Ke3 Rd1 60. Rb6+ Kh5 61. Rc6 b3 0-1

[Event "BRA-ch 87th"]
[Site "Cuiaba"]
[Date "2021.10.30"]
[Round "4"]
[White "Do Valle Cardoso, Lucas"]
[Black "Pinto, Pedro Jorge de Mora"]
[Result "0-1"]
[WhiteElo "2285"]
[BlackElo "2010"]
[PlyCount "60"]
[EventDate "2021.10.28"]
[EventType "swiss"]
[EventRounds "11"]
[EventCountry "BRA"]
[SourceTitle "CBM 205 Extra"]
[Source "ChessBase"]
[SourceDate "2022.01.31"]
[SourceVersion "1"]
[SourceVersionDate "2022.01.31"]
[SourceQuality "1"]

1. e4 c5 2. Nf3 g6 3. Nc3 Bg7 4. d4 cxd4 5. Nxd4 Nc6 6. Be3 d6 7. Qd2 Nf6 8. f3 h5 9. 0-0-0 Bd7 10. Bc4 Na5 11. Be2 Rc8 12. h3 Nc4 13. Bxc4 Rxc4 14. g4 Qc8 15. g5 Nh7 16. h4 Nf8 17. Kb1 Ne6 18. Nde2 b5 19. Nd5 Nc7 20. b3 Nxd5 21. bxc4 Nxe3 22. Qxe3 0-0 23. c5 Be6 24. f4 Qa6 25. Nc1 Rc8 26. cxd6 exd6 27. Rd3 b4 28. Rhd1 Bxa2+ 29. Nxa2 Rxc2 30. Nc3 bxc3 0-1

[Event "Manaus Regional Norte-ch"]
[Site "Manaus"]
[Date "2017.09.09"]
[Round "5"]
[White "Pinto, Pedro Jorge de Mora"]
[Black "Lima, Endson dos Santos"]
[Result "0-1"]
[WhiteElo "2038"]
[BlackElo "2051"]
[PlyCount "54"]
[EventDate "2017.09.07"]
[EventType "swiss"]
[EventRounds "7"]
[EventCountry "BRA"]
[SourceTitle "CBM 180 Extra"]
[Source "ChessBase"]
[SourceDate "2017.10.06"]
[SourceVersion "1"]
[SourceVersionDate "2017.10.06"]
[SourceQuality "1"]

1. d4 Nf6 2. c4 e6 3. Nc3 Bb4 4. Bd2 b6 5. Qc2 Bb7 6. f3 d5 7. e3 0-0 8. a3 Be7 9. cxd5 exd5 10. Bd3 c5 11. Nge2 Nc6 12. dxc5 bxc5 13. Na4 Ne5 14. 0-0 Nxd3 15. Qxd3 Qd6 16. Ba5 Ba6 17. Qd2 d4 18. b4 dxe3 19. Qxe3 Rfe8 20. Rfe1 Bf8 21. Qf2 Rxe2 22. Rxe2 Bxe2 23. Nxc5 Bb5 24. Nb3 Re8 25. Nd4 Bd7 26. Rc1 Qe5 27. Rc7 Bd6 0-1

[Event "Manaus Regional Norte-ch"]
[Site "Manaus"]
[Date "2017.09.08"]
[Round "3"]
[White "Pinto, Pedro Jorge de Mora"]
[Black "Reis, Renan do Carmo"]
[Result "1/2-1/2"]
[WhiteElo "2038"]
[BlackElo "2247"]
[PlyCount "64"]
[EventDate "2017.09.07"]
[EventType "swiss"]
[EventRounds "7"]
[EventCountry "BRA"]
[SourceTitle "CBM 180 Extra"]
[Source "ChessBase"]
[SourceDate "2017.10.06"]
[SourceVersion "1"]
[SourceVersionDate "2017.10.06"]
[SourceQuality "1"]

1. d4 Nf6 2. c4 e6 3. Nc3 Bb4 4. Bg5 h6 5. Bxf6 Qxf6 6. a3 Bxc3+ 7. bxc3 0-0 8. e3 c5 9. Bd3 Nc6 10. Qf3 Qxf3 11. Nxf3 b6 12. Be4 Bb7 13. Ne5 Nxe5 14. Bxb7 Rab8 15. dxe5 Rxb7 16. Ke2 b5 17. Rab1 Rfb8 18. cxb5 Rxb5 19. Rxb5 Rxb5 20. Rd1 Rb2+ 21. Rd2 Rb3 22. a4 Rb7 23. Kd3 f6 24. f4 fxe5 25. fxe5 Kf7 26. Kc4 Rc7 27. a5 Ke7 28. h4 Rc6 29. h5 Ra6 30. Kb5 Rc6 31. Rd3 Rc8 32. e4 Rc6 1/2-1/2

[Event "Manaus Amazonas-ch"]
[Site "Manaus"]
[Date "2017.04.13"]
[Round "1"]
[White "Pinto, Pedro Jorge de Mora"]
[Black "De Souza, David Barroso"]
[Result "1-0"]
[WhiteElo "2055"]
[BlackElo "2021"]
[PlyCount "63"]
[EventDate "2017.04.13"]
[EventType "swiss"]
[EventRounds "7"]
[EventCountry "BRA"]
[SourceTitle "CBM 177 Extra"]
[Source "ChessBase"]
[SourceDate "2017.04.27"]
[SourceVersion "1"]
[SourceVersionDate "2017.04.27"]
[SourceQuality "1"]

1. c4 c5 2. g3 Nf6 3. Bg2 e6 4. e4 Nc6 5. f4 d5 6. e5 Ne4 7. d3 Qa5+ 8. Kf1 Qa6 9. dxe4 Qxc4+ 10. Ne2 dxe4 11. Nbc3 Bd7 12. Bxe4 Qa6 13. Be3 g5 14. Kf2 Be7 15. h4 gxf4 16. gxf4 0-0-0 17. Qd3 c4 18. Qb1 Nb4 19. b3 Nd3+ 20. Kf3 Bc6 21. Nd4 Rxd4 22. Bxd4 Rd8 23. Qg1 Bb4 24. Qe3 Rxd4 25. Qxd4 Bxc3 26. Qxc4 Qxc4 27. bxc4 Bxe4+ 28. Kxe4 Nf2+ 29. Kf3 Nxh1 30. Rxh1 f6 31. Ke4 fxe5 32. fxe5 1-0

[Event "Manaus Region-ch sf"]
[Site "Manaus"]
[Date "2015.11.01"]
[Round "5"]
[White "Souza Neves, Andrey Marcelo"]
[Black "Pinto, Pedro Jorge de Mora"]
[Result "1/2-1/2"]
[WhiteElo "2229"]
[BlackElo "2054"]
[PlyCount "123"]
[EventDate "2015.10.30"]
[EventType "swiss"]
[EventRounds "7"]
[EventCountry "BRA"]
[SourceTitle "CBM 169 Extra"]
[Source "ChessBase"]
[SourceDate "2015.12.18"]
[SourceVersion "1"]
[SourceVersionDate "2015.12.18"]
[SourceQuality "1"]

1. d4 c6 2. c4 d5 3. Nf3 Nf6 4. Nc3 g6 5. cxd5 Nxd5 6. e4 Nb6 7. h3 Bg7 8. Bf4 0-0 9. Be2 Be6 10. 0-0 h6 11. Rc1 Kh7 12. Qd2 Bc4 13. Rfd1 e6 14. Bxc4 Nxc4 15. Qe2 Nb6 16. Be5 f6 17. Bg3 Qe7 18. Qc2 Na6 19. h4 h5 20. e5 f5 21. Ng5+ Kg8 22. a3 Nc7 23. Ne2 Ncd5 24. Bf4 Rfd8 25. Rd3 Qd7 26. Rg3 Ne7 27. Nh3 Nbd5 28. Bd2 Kh7 29. Rd1 a5 30. Bc1 a4 31. Qd2 Rh8 32. Qd3 Rhd8 33. Qf3 c5 34. Nef4 Nxf4 35. Nxf4 Bxe5 36. Nxh5 cxd4 37. Nf4 Qc6 38. Qe2 Qe4 39. Qd2 Bxf4 40. Qxf4 Qxf4 41. Bxf4 Rd5 42. Bg5 Nc6 43. Bf6 Rf8 44. Bg5 e5 45. f3 e4 46. Rh3 e3 47. Bxe3 f4 48. Bd2 Rb5 49. Bc1 Rb3 50. Kf2 Re8 51. Bxf4 Rxb2+ 52. Rd2 Rxd2+ 53. Bxd2 d3 54. Be3 Ne5 55. Rh1 Nc4 56. Bg5 Re2+ 57. Kg3 Nb2 58. Rc1 d2 59. Rc7+ Kg8 60. Bxd2 Rxd2 61. Rxb7 Nc4 62. Rb4 1/2-1/2

[Event "Manaus op 1st"]
[Site "Manaus"]
[Date "2014.08.10"]
[Round "4.4"]
[White "Pinto, Pedro Jorge de Mora"]
[Black "Vicuna, Frayser Serquen"]
[Result "0-1"]
[WhiteElo "2091"]
[BlackElo "1608"]
[PlyCount "54"]
[EventDate "2014.08.08"]
[EventType "swiss"]
[EventRounds "4"]
[EventCountry "BRA"]
[SourceTitle "EXT 2022"]
[Source "ChessBase"]
[SourceDate "2021.10.06"]
[SourceVersion "1"]
[SourceVersionDate "2021.10.06"]
[SourceQuality "1"]

1. Nf3 c5 2. c4 g6 3. Nc3 Bg7 4. d4 cxd4 5. Nxd4 e5 6. Ndb5 Bf8 7. Nd6+ Bxd6 8. Qxd6 Qe7 9. Ne4 f6 10. Bd2 Nc6 11. 0-0-0 Qxd6 12. Nxd6+ Ke7 13. Bc3 Nh6 14. e4 Nf7 15. c5 b6 16. Bc4 Ng5 17. cxb6 axb6 18. b4 Ne6 19. b5 Ncd4 20. Bb4 Nc5 21. Nxc8+ Rhxc8 22. Kb2 d6 23. Rc1 Nxe4 24. Bd5 Rxc1 25. Rxc1 Ra4 26. a3 Nc5 27. f4 Nd3+ 0-1